| 000 | 00937nam a22003137a 4500 | ||
|---|---|---|---|
| 003 | CHAP | ||
| 005 | 20220817041534.0 | ||
| 008 | 971013s1969 r 00010 d | ||
| 010 | _a17404 | ||
| 011 | _a18376 | ||
| 035 | _a22461 | ||
| 040 | _cCHAP | ||
| 090 | _aFolleto 9905 | ||
| 100 | 0 | 0 |
_aHunter, A. H. _956932 |
| 245 |
_aSoil test interpretation studies _b: Field trials |
||
| 260 |
_aRaleigh : _bNorth Carolina State University, _c1969 |
||
| 300 | _a43 p. | ||
| 490 |
_aTechnical bulletin _v; 5 |
||
| 590 |
_aBATCH-UPD _b10 _c20130110 _lUCH01 _h1919 |
||
| 590 |
_aBATCH-UPD _b10 _c20130410 _lUCH01 _h1245 |
||
| 590 |
_aBATCH-UPD _b10 _c20130914 _lUCH01 _h1643 |
||
| 590 |
_aCONVERSION _b10 _c20130109 _lUCH01 _h1311 |
||
| 650 | 1 | 4 |
_aSuelos _xAnĂ¡lisis. _9110204 |
| 700 | 0 |
_aFitts, J. W. _941186 |
|
| 830 | 0 |
_aTechnical bulletin _v; 5 |
|
| 901 | _aBK | ||
| 942 | _cFOLL | ||
| 949 |
_aFolleto 9905 _bBC _cFOLL _d-52695 _eTS1 _i22461 _mD _si |
||
| 999 |
_c17404 _d17404 |
||